Casi todo sobre la economía dominicana / (Registro nro. 14185)

Detalles MARC
000 -LIDER
fixed length control field 00944nam a2200277 a 4500
001 - NÚMERO DE CONTROL
Identificador de número de control
003 - IDENTIFICACDOR DE NÚMERO DE CONTROL
control field DO-SdBNP
005 - DATE AND TIME OF LATEST TRANSACTION
control field 20220505083521.0
007 - CAMPOS FIJOS DE DESCRIPCIÓN FÍSICA
fixed length control field 000014305
008 - ELEMENTOS DE LONGITUD FIJA
fixed length control field 091209s2016 dr d 000 0 spa d
020 ## - ISBN
International Standard Book Number 9789945872224
040 ## - FUENTE DE CATALOGACIÓN
Agencia que crea de manera original el registro BPMSU
Idioma de catalogación spa
Agencia que realiza la transcripción BPMSU
082 04 - NÚMERO DE CLASIFICACIÓN DECIMAL DE DEWEY
Classification number 330.7293
Item number N576c 2016
Edition number 22
100 1# - ASIENTO PRINCIPAL -- NOMBRE PERSONAL
Nombre personal NG Cortiñas, Haivanjoe
Fechas asociadas con el nombre 1959-
245 10 - MENCIÓN DE TITULO
Título Casi todo sobre la economía dominicana /
Mención de responsabilidad Haivanjoe NG Cortiñas; prólogo Roberto Cassá.
260 ## - PUBLICACIÓN, DISTRIBUCIÓN, ETC. (PIE DE IMPRENTA)
Lugar de publicación, distribución, etc Santo Domingo :
Nombre del editor, distribuidor, etc. De Luxe,
Fecha de publicación, distribución, etc 2016
Nombre del editor, distribuidor, etc.
300 ## - DESCRIPCIÓN FÍSICA
Extensión 305 p. ;
Dimensiones 23 cm.
Otros detalles físicos
500 ## - NOTA GENERAL
Materiales especificados Incluye datos biográficos del autor en la contracubierta
590 ## - NOTA LOCAL
Enlace Inventariado, 2022/VM
650 #4 - ENCABEZAMIENTO DE MATERIA--TEMÁTICO
Término temático o nombre geográfico como elemento de entrada Política monetaria
Subdivisión geográfica República Dominicana
650 #4 - ENCABEZAMIENTO DE MATERIA--TEMÁTICO
Término temático o nombre geográfico como elemento de entrada Condiciones económicas
Subdivisión geográfica República Dominicana
650 #4 - ENCABEZAMIENTO DE MATERIA--TEMÁTICO
Término temático o nombre geográfico como elemento de entrada Política económica
Subdivisión geográfica República Dominicana
700 1# - ASIENTO SECUNDARIO -- NOMBRE PERSONAL
Nombre personal Cassá, Roberto, 1948-
Mención de responsabilidad prólogo
910 ## - VALIDACIÓN
Validación VMateo V.
942 ## - ADDED ENTRY ELEMENTS (KOHA)
Source of classification or shelving scheme Dewey Decimal Classification
Koha item type Libros
Existencias
Withdrawn status Lost status Source of classification or shelving scheme Damaged status Not for loan Collection code Home library Current library Date acquired Source of acquisition Full call number Barcode Date last seen Price effective from Koha item type Total Checkouts Copy number
    Dewey Decimal Classification     Colección Dominicana Biblioteca Pública Metropolitana Salomé Ureña Biblioteca Pública Metropolitana Salomé Ureña 05/05/2022 Haivanjoe NG Cortiñas BPMSU CD 330.7293 N576c 2016 BPMSU22050009 05/05/2022 05/05/2022 Libros    
    Dewey Decimal Classification     Colección Dominicana Biblioteca Pública Metropolitana Salomé Ureña Biblioteca Pública Metropolitana Salomé Ureña 05/05/2022 Haivanjoe NG Cortiñas BPMSU CD 330.7293 N576c 2016 BPMSU22050010 05/05/2022 05/05/2022 Libros   e.2
    Dewey Decimal Classification     Colección Dominicana Biblioteca Pública Metropolitana Salomé Ureña Biblioteca Pública Metropolitana Salomé Ureña 05/05/2022 Haivanjoe NG Cortiñas BPMSU CD 330.7293 N576c 2016 BPMSU22050011 05/05/2022 05/05/2022 Libros   e.3